000 01447nam a2200337 a 4500
001 woodallsfavorite00emer
003 CaSfIA
005 20210119123709.0
007 cr||||
008 890927s1989 ilua 000 0 eng
010 _a 89189801
040 _aDLC
_cDLC
_dBTCTA
_dYDXCP
_dCaSfIA
020 _a0671688588 :
_c$10.95 ($12.50 Can.)
020 _a9780671688585
035 _a(OCoLC)20212183
050 0 0 _aTX823
_b.W66 1989
082 0 0 _a641.5/782
_220
245 0 0 _aWoodall's favorite recipes from America's campgrounds /
_h[electronic resource]
_cedited by Ann Emerson.
260 _aBannockburn, IL :
_bWoodall Pub.,
_cc1989.
300 _a240 p. :
_bill. ;
_c28 cm.
650 0 _aOutdoor cookery.
700 1 _aEmerson, Ann.
710 2 _aWoodall Publishing Company.
740 0 1 _aFavorite recipes from America's campgrounds.
856 4 1 _uhttp://www.archive.org/details/woodallsfavorite00emer
_zFree eBook from the Internet Archive
856 4 2 _uhttp://www.openlibrary.org/books/OL1792116M
_zAdditional information and access via Open Library
029 1 _aYDXCP
_b525362
942 _cEB
506 _fНеобхідна авторизація на https://archive.org/ (створення облікового запису безкоштовно)
506 _fНеобхідна авторизація на https://openlibrary.org/ (створення облікового запису безкоштовно)
999 _c567651
_d567651